Asia Pacific real estate investment update (Record no. 109434)
[ view plain ]
| 000 -LEADER | |
|---|---|
| fixed length control field | 01409cad a22002655a 4500 |
| 001 - CONTROL NUMBER | |
| control field | E147077 |
| 008 - FIXED-LENGTH DATA ELEMENTS--GENERAL INFORMATION | |
| fixed length control field | 090330s2009 xxk f 000 0 eng d |
| 035 ## - SYSTEM CONTROL NUMBER | |
| System control number | (Sirsi) u147077 |
| 041 0# - LANGUAGE CODE | |
| Language code of text/sound track or separate title | eng |
| 050 04 - LIBRARY OF CONGRESS CALL NUMBER | |
| Classification number | 333.33 $2 18 |
| 100 1# - MAIN ENTRY--PERSONAL NAME | |
| Personal name | Huong, Edward |
| 245 00 - TITLE STATEMENT | |
| Title | Asia Pacific real estate investment update |
| Medium | [electronic resource] |
| 260 ## - PUBLICATION, DISTRIBUTION, ETC. | |
| Place of publication, distribution, etc. | London |
| Name of publisher, distributor, etc. | RREEF |
| Date of publication, distribution, etc. | 2009 |
| 490 #0 - SERIES STATEMENT | |
| Series statement | RREEF Asia Pacific Real Estate Investment Update |
| Volume/sequential designation | March 2009 |
| 505 2# - FORMATTED CONTENTS NOTE | |
| Formatted contents note | Economic performance -- Real estate market performance -- Real estate investment capital flow -- Market outlook |
| 520 ## - SUMMARY, ETC. | |
| Summary, etc. | Reports that across Asia, many markets saw GDP fall on a quarter-on-quarter annualised basis in 4Q 2008, and office rents also suffered in this quarter, especially in financial centres such as Hong Kong, Singapore, Shanghai, Mumbai and Sydney where rents fell at double-digit rates. Risk aversion amongst investors also affected capital values, and the investment market stayed subdued in 4Q 2008, with investment volumes dropping by 56% quarter-on-quarter, bringing the total for 2008 down by 40% compared to 2007. |
| 521 ## - TARGET AUDIENCE NOTE | |
| Target audience note | Advanced |
| 590 ## - LOCAL NOTE (RLIN) | |
| Local note | KA |
| 651 #4 - SUBJECT ADDED ENTRY--GEOGRAPHIC NAME | |
| Geographic name | Asia Pacific |
| 690 ## - LOCAL SUBJECT ADDED ENTRY--TOPICAL TERM (OCLC, RLIN) | |
| Topical term or geographic name as entry element | PROPERTY-COMMERCIAL PROPERTY-COMMERCIAL PROPERTY MARKET |
| 700 1# - ADDED ENTRY--PERSONAL NAME | |
| Personal name | Obu, Koichiro |
| 700 1# - ADDED ENTRY--PERSONAL NAME | |
| Personal name | Keng, Tan Yen |
| 856 40 - ELECTRONIC LOCATION AND ACCESS | |
| Uniform Resource Identifier | <a href="https://www.rreef.com">https://www.rreef.com</a> |
| Public note | View the report free of charge at www.rreef.com... |
| 942 ## - ADDED ENTRY ELEMENTS (KOHA) | |
| Suppress in OPAC | 0 |
| Withdrawn status | Lost status | Source of classification or shelving scheme | Damaged status | Not for loan | Home library | Current library | Shelving location | Date acquired | Total Checkouts | Full call number | Barcode | Date last seen | Copy number | Price effective from | Koha item type |
|---|---|---|---|---|---|---|---|---|---|---|---|---|---|---|---|
| Dewey Decimal Classification | Virtual | Virtual | Online | 30/03/2009 | ONLINE PUBLICATION | 147077-2001 | 06/08/2019 | 1 | 06/08/2019 | Book |